Diário (Registo nº 1452)

Detalhes MARC
000 -Etiqueta do registo
Cabeçalho 00626nam0a2200217 4500
005 - Identificador da versão
Campo de controlo 20240813121836.0
100 ## - Dados gerais de processamento
Dados gerais de processamento 20150318d1977 m y0pory5003 ba
102 ## - Pais de publicação ou produção
País de publicação Portugal
101 0# - Língua de publicação
Língua do texto, banda sonora, etc. Português
215 ## - Descrição física 
Indicação específica da natureza do documento e extensão da espécie 206 p
200 1# - Titulo e menção de responsabilidade
Título próprio Diário
Primeira menção de responsabilidade Miguel Torga
210 ## - Publicação, Distribuição, etc. 
Lugar da edição, distribuição, etc. Coimbra
Nome do editor, distribuidor, etc. [s. n.]
Data da publicação, distribuição, etc. 1977
314 ## - Notas relativas a responsabilidade intelectual 
Texto da nota Miguel Torga é pseudónimo de Adolfo Correia da Rocha
606 ## - Nome comum usado como assunto
Número de registo de entrada de autoridade 0002134
Palavra de ordem Literatura portuguesa
Subdivisão de assunto Diários íntimos
Código do sistema CA
675 ## - Classificação Decimal Universal (CDU)
Notação 821.134.3-94
Edição 3ª ed.
Língua da edição por
700 #1 - Nome de autor-pessoa física (responsabilidade principal)
Número de registo de entrada de autoridade 0002132
Palavra de ordem Torga
Outra parte do nome não tomada para palavra de ordem Miguel
Elementos de identificação ou distinção pseud.
Datas 1907-1995
966 ## - Identificação da Biblioteca
Sigla EB2,3ENM
942 ## - Elementos de entrada adicionados (Koha)
Tipo de item no Koha Livro
Exemplares
Situação do levantamento Origin of item (home branch) (coded) Biblioteca de empréstimo Código de barras Cota Circulation type (not for loan) Tipo de documento Nota do exemplar Damaged status
  Biblioteca Escolar Eng. Nuno Mergulhão Biblioteca Escolar Eng. Nuno Mergulhão BENM1162 82LP-9 TOR   Livro Sem mensagem